Was heißt Volkskirche?
| Main Author: | |
|---|---|
| Format: | Print Book |
| Language: | German |
| Subito Delivery Service: | Order now. |
| Check availability: | HBZ Gateway |
| WorldCat: | WorldCat |
| Interlibrary Loan: | Interlibrary Loan for the Fachinformationsdienste (Specialized Information Services in Germany) |
| Published: |
Leipzig
Deichert
1935
|
| In: |
Theologia militans (1)
Year: 1935 |
| Series/Journal: | Theologia militans
1 |
| Standardized Subjects / Keyword chains: | B
Folk church
B Church / Ecclesiology / Theology / Dogmatics |
| Further subjects: | B
Church and state
History
1933-1945
Germany
B Church |
| Parallel Edition: | Electronic
Electronic |
| Sammlungen: |
MARC
| LEADER | 00000cam a2200000 c 4500 | ||
|---|---|---|---|
| 001 | 240590724 | ||
| 003 | DE-627 | ||
| 005 | 20250630131034.0 | ||
| 007 | tu | ||
| 008 | 980225s1935 xx ||||| 00| ||ger c | ||
| 035 | |a (DE-627)240590724 | ||
| 035 | |a (DE-576)9240590722 | ||
| 035 | |a (DE-599)GBV240590724 | ||
| 035 | |a (OCoLC)162794226 | ||
| 040 | |a DE-627 |b ger |c DE-627 |e rakwb | ||
| 041 | |a ger | ||
| 044 | |c XA-DXDE | ||
| 050 | 0 | |a BX8011.A1 | |
| 084 | |a 1 |2 ssgn | ||
| 084 | |a 11.72 |2 bkl | ||
| 084 | |a 11.61 |2 bkl | ||
| 100 | 1 | |e VerfasserIn |0 (DE-588)118680110 |0 (DE-627)079463185 |0 (DE-576)160758416 |4 aut |a Doerne, Martin |d 1900-1970 | |
| 109 | |a Doerne, Martin 1900-1970 |a Doerne, Martin Bernhard Gotthelf 1900-1970 |a Doerne, Martin Bernhard Gotthelf Theobalt 1900-1970 |a Doerne, Martin Bernhard Gotthelf Theobald 1900-1970 |a Dörne, Martin 1900-1970 | ||
| 245 | 1 | 0 | |a Was heißt Volkskirche? |c Martin Doerne |
| 264 | 1 | |a Leipzig |b Deichert |c 1935 | |
| 300 | |a 20 S | ||
| 336 | |a Text |b txt |2 rdacontent | ||
| 337 | |a ohne Hilfsmittel zu benutzen |b n |2 rdamedia | ||
| 338 | |a Band |b nc |2 rdacarrier | ||
| 490 | 1 | |a Theologia militans |v 1 | |
| 650 | 0 | |a Church | |
| 650 | 0 | |a Church and state |x History |x 1933-1945 |x Germany | |
| 689 | 0 | 0 | |d s |0 (DE-588)4122402-4 |0 (DE-627)104331321 |0 (DE-576)209551097 |2 gnd |a Volkskirche |
| 689 | 0 | |5 (DE-627) | |
| 689 | 1 | 0 | |d s |0 (DE-588)4030702-5 |0 (DE-627)104731745 |0 (DE-576)208988742 |2 gnd |a Kirche |
| 689 | 1 | 1 | |d s |0 (DE-588)4070730-1 |0 (DE-627)106099396 |0 (DE-576)209181850 |2 gnd |a Ekklesiologie |
| 689 | 1 | 2 | |d s |0 (DE-588)4059758-1 |0 (DE-627)104131446 |0 (DE-576)209132159 |2 gnd |a Theologie |
| 689 | 1 | 3 | |d s |0 (DE-588)4012624-9 |0 (DE-627)106347608 |0 (DE-576)208899448 |2 gnd |a Dogmatik |
| 689 | 1 | |5 (DE-627) | |
| 776 | 0 | 8 | |i Erscheint auch als |n Online-Ausgabe |a Doerne, Martin, 1900 - 1970 |t Was heißt Volkskirche? |d Leipzig : Deichert, 1935 |h 1 Online-Ressource (20 Seiten) |w (DE-627)1928784437 |k Electronic |
| 776 | 0 | 8 | |i Elektronische Reproduktion |a Doerne, Martin, 1900 - 1970 |t Was heißt Volkskirche? |d Leipzig : Deichert, 1935 |h 1 Online-Ressource (20 Seiten) |w (DE-627)1928784437 |k Electronic |
| 830 | 0 | |a Theologia militans |v 1 |9 1 |w (DE-627)167620029 |w (DE-576)006908934 |w (DE-600)552240-7 |7 am | |
| 935 | |a RFBW |a mteo | ||
| 936 | b | k | |a 11.72 |j Kirchliche Soziologie |0 (DE-627)106403834 |
| 936 | b | k | |a 11.61 |j Dogmatik |j Konfessionskunde |q ARK |0 (DE-627)106403850 |
| 951 | |a BO | ||
| ELC | |b 1 | ||
| LOK | |0 000 xxxxxcx a22 zn 4500 | ||
| LOK | |0 001 4523267464 | ||
| LOK | |0 003 DE-627 | ||
| LOK | |0 004 240590724 | ||
| LOK | |0 005 20241016081843 | ||
| LOK | |0 008 240515||||||||||||||||ger||||||| | ||
| LOK | |0 040 |a DE-Tue135 |c DE-627 |d DE-Tue135 | ||
| LOK | |0 092 |o n | ||
| LOK | |0 852 |a DE-Tue135 | ||
| LOK | |0 852 1 |9 00 | ||
| LOK | |0 866 |x SPQUE#Reformationsgeschichtliche Forschungsbibliothek Wittenberg#SPSAM#Lutherhaus#SPUSM#Johannes Ficker | ||
| LOK | |0 866 |x SPQUE#Reformationsgeschichtliche Forschungsbibliothek Wittenberg#SPSAM#Lutherhaus#SPUSM#Neubestand | ||
| LOK | |0 935 |a RFBW |a lglu |a lgfi |a lgnb | ||
| LOK | |0 939 |a 15-05-24 |b l01 | ||
| ORI | |a SA-MARC-ixtheoa001.raw | ||
| STA | 0 | 0 | |a Church,Church,Church,Church in literature,Dogmatics,Ecclesiology,Church,Church,Folk church,National church,Majority church,Traditional national church,Theology,Theology |
| STB | 0 | 0 | |a Dogmatique,Ecclésiologie,Théologie,Théologie,Église du peuple,Église nationale,Église nationale,Église,Église |
| STC | 0 | 0 | |a Dogmática,Eclesiología,Iglesia del pueblo,Iglesia,Iglesia,Teología,Teología |
| STD | 0 | 0 | |a Chiesa di massa,Chiesa di popolo,Chiesa di popolo,Chiesa,Chiesa,Dogmatica,Ecclesiologia,Teologia,Teologia |
| STE | 0 | 0 | |a 教义学,教会,教会,教会论,教会学,民族教会,神学家 |
| STF | 0 | 0 | |a 教會,教會,教會論,教會學,教義學,民族教會,神學家 |
| STG | 0 | 0 | |a Dogmática,Eclesiologia,Igreja do povo,Igreja,Igreja,Teologia,Teologia |
| STH | 0 | 0 | |a Богословие (мотив),Богословие,Догматика,Первенствующая церковь,Церковь (мотив),Церковь,Экклезиология |
| STI | 0 | 0 | |a Δογματική,Εκκλησία (μοτίβο),Εκκλησία,Εκκλησία του Λαού,Εκκλησιολογία,Θεολογία (μοτίβο),Θεολογία |
| SYG | 0 | 0 | |a Church,Christliche Kirche,Christliche Kirche,Ekklesia , Rosenberg-Kirche,Notre-Dame-de-l'Assomption,Ste-Trinité,Sainte-Trinité , Kirchenbegriff,Kirchenverständnis , Christliche Theologie , Glaubenslehre |